[Event "Worldchess Armageddon 2019"]
[Site "Moscow"]
[Date "2019.06.15"]
[Round "11.2"]
[White "Karjakin, Sergey"]
[Black "Radjabov, Teimour"]
[Result "1/2-1/2"]
[WhiteElo "2748"]
[BlackElo "2759"]
[Annotator "TA"]
[PlyCount "68"]
[EventDate "2019.06.10"]
[EventCountry "RUS"]
[SourceTitle "playchess.com"]
[Source "ChessBase"]
[SourceQuality "1"]

{[%evp 23,68,16,15,8,24,11,12,8,10,7,7,7,7,7,7,7,7,7,7,7,7,7,7,7,14,14,14,14,14,14,14,0,0,0,0,0,0,0,0,0,0,0,0,0,0,0,0]} 1. e4 c5 2. Nf3 Nc6 3. d4 cxd4 4. Nxd4 Nf6 5. Nc3 e5 6. Ndb5 d6 7. Bg5 a6 8. Na3 b5 9. Nd5 Be7 10. Bxf6 Bxf6 11. c4 b4 12. Nc2 a5 13. Qf3 {B33: Sicilian: Pelikan and Sveshnikov Variations} Be6 14. Rd1 Bxd5 {[#] The position is equal.} 15. exd5 $146 ({Predecessor:} 15. cxd5 Na7 16. g3 Rc8 17. Ne3 O-O 18. h4 Rc5 19. Bd3 Nc8 20. O-O Qc7 {½-½ (31) Nakamura,H (2746)-Caruana,F (2828) Saint Louis 2019}) 15... Nd4 16. Nxd4 exd4 17. Bd3 Kf8 18. g3 g6 19. h4 h5 20. O-O Kg7 21. Rfe1 Re8 22. Rc1 Rxe1+ 23. Rxe1 Qd7 24. Qd1 Re8 25. Rxe8 Qxe8 26. b3 Qe5 27. Qe2 (27. Kg2 {looks sharper.} Bd8 28. Kf1 Qe7 29. Qb1 Qd7 30. Kg2) 27... Qxe2 28. Bxe2 $11 {[%mdl 4096] Endgame KB-KB} Bd8 29. Kg2 f5 30. f4 Bb6 31. Bd3 Kf6 32. Kf3 Bc5 33. Kg2 Bb6 34. Kf3 Bc5 {Accuracy: White = 89%, Black = 87%.} 1/2-1/2

[Event "Worldchess Armageddon 2019"]
[Site "Moscow"]
[Date "2019.06.15"]
[Round "11.3"]
[White "Radjabov, Teimour"]
[Black "Karjakin, Sergey"]
[Result "1/2-1/2"]
[WhiteElo "2759"]
[BlackElo "2748"]
[Annotator "TA"]
[PlyCount "94"]
[EventDate "2019.06.10"]
[EventCountry "RUS"]
[SourceTitle "playchess.com"]
[Source "ChessBase"]
[SourceQuality "1"]

{[%evp 9,94,6,21,5,9,8,21,8,8,0,17,21,21,16,30,13,16,14,25,9,22,9,10,-8,4,0,0,-10,-10,-10,-10,-10,-10,-8,0,0,0,-18,-17,-18,-18,-18,-18,-18,-18,-19,-18,-20,-10,-10,-10,-25,0,-6,-6,-29,0,0,0,0,0,0,0,0,-8,-8,0,0,0,0,0,0,8,0,0,0,0,0,0,0,0,0,43,16,43,43,43]} 1. e4 e5 2. Nf3 Nc6 3. Bb5 Nf6 4. d3 Bc5 5. c3 d5 6. exd5 {C65: Ruy Lopez: Berlin Defence (3...Nf6), unusual lines and 4 0-0 Bc5} Qxd5 {[#] ...Bxf2+! is the strong threat.} 7. Bc4 Qd6 8. Qe2 {And now d4 would win.The position is equal.} O-O 9. Nbd2 a5 10. Ng5 Bf5 11. Nde4 Nxe4 12. Nxe4 Bxe4 13. dxe4 {[#]} Nd8 $146 14. h4 Ne6 15. g3 a4 16. Bd2 c6 17. O-O-O b5 18. Be3 Bxe3+ 19. Qxe3 Qc5 20. Qxc5 Nxc5 21. Bd3 $1 Rfd8 22. Bc2 Kf8 23. Rd2 Ke7 24. Kd1 Nb7 25. Ke2 Rxd2+ 26. Kxd2 $11 {[%mdl 4096] Endgame KRB-KRN} Rd8+ 27. Ke3 Nd6 {[#] White must now prevent ...Nc4+.} 28. Bd3 Rb8 29. f4 f6 30. h5 b4 31. cxb4 Rxb4 32. h6 gxh6 33. Rxh6 Rxb2 34. Rxh7+ Kd8 35. Rh5 Rxa2 36. fxe5 fxe5 37. Rxe5 a3 {[%cal Ba4a3,Ba3a2][%mdl 32]} 38. Ra5 Nb5 39. Bxb5 (39. g4 {seems wilder.} Kc7 40. g5 Rg2 41. Kf4 Kb6 42. Ra4) 39... cxb5 40. Rxb5 {KR-KR} Rg2 (40... Ra1 $5 41. Rd5+ $8 Ke7 $11) 41. Kf4 a2 42. Ra5 Ke7 43. g4 Kf6 44. Ra6+ Kf7 45. Ke5 Rxg4 46. Rxa2 Rg6 47. Ra7+ Ke8 {Accuracy: White = 44%, Black = 59%.} 1/2-1/2

[Event "Worldchess Armageddon 2019"]
[Site "Moscow"]
[Date "2019.06.15"]
[Round "12.1"]
[White "Kramnik, Vladimir"]
[Black "Nepomniachtchi, Ian"]
[Result "0-1"]
[WhiteElo "2753"]
[BlackElo "2775"]
[Annotator "TA"]
[PlyCount "115"]
[EventDate "2019.06.10"]
[EventCountry "RUS"]
[SourceTitle "playchess.com"]
[Source "ChessBase"]
[SourceQuality "1"]

{[%evp 9,115,13,27,8,10,0,11,21,24,18,14,0,41,27,28,14,11,20,78,57,83,83,77,85,59,59,101,88,133,98,145,95,140,154,149,155,148,154,157,156,198,201,186,86,83,73,69,0,0,17,28,-53,144,141,191,196,252,245,285,103,115,5,15,12,8,8,14,-56,-56,-56,-56,-56,-18,-56,-56,-56,-56,-56,-56,-56,-56,-62,-62,-62,-62,-62,-62,-81,-35,-81,-22,-22,-22,-22,-22,-96,-89,-96,-89,-96,-18,-18,-18,-18,-18,-18,-18,-29990]} 1. d4 Nf6 2. Nf3 g6 3. g3 Bg7 4. Bg2 d5 5. O-O O-O 6. a4 {D02: 1 d4 d5 2 Nf3 sidelines, including 2...Nf6 3 g3 and 2...Nf6 3 Bf4} (6. c4 $5) (6. Nbd2 a5 7. b3 a4 8. Ba3 Re8 9. e3 Bf5 10. c4 c6 11. Qe2 Nbd7 12. cxd5 Nxd5 13. e4 Nc3 14. Qe3 Nb5 15. exf5 Nxa3 16. fxg6 hxg6 {½-½ (46) Vachier Lagrave,M (2780)-Ding,L (2805) Abidjan 2019}) 6... a5 7. b3 c6 8. Nbd2 Bf5 9. Ba3 Re8 $146 ({Predecessor:} 9... Ne4 10. Nxe4 dxe4 11. Ne5 Nd7 12. Nxd7 Qxd7 13. e3 Rfd8 14. c3 e5 15. Qc2 {½-½ (15) Fauland,A (2439)-Mahdy,K (2393) Vienna 2013}) 10. e3 Qc8 11. c4 Bh3 12. cxd5 Bxg2 13. Kxg2 Nxd5 (13... cxd5 $11 14. Qe2 Nc6) 14. Rc1 (14. e4 $5 {[%cal Re4d5]}) 14... Nd7 15. e4 Nb4 16. Qe2 Qb8 17. Nc4 Qa7 18. Rfd1 Rad8 19. Qe1 c5 {[%cal Rc5d4]} 20. d5 Nb6 21. Nxb6 Qxb6 22. Qe3 Rc8 23. e5 Red8 24. Bxb4 $1 axb4 25. Rc4 Qc7 26. Qf4 (26. h4 $18) 26... b6 $16 27. Ng5 Rf8 ({Wrong is} 27... Qxe5 $2 28. Qxf7+ Kh8 29. Nxh7 $1 $18 {[%mdl 512]}) 28. Re1 (28. Re4 $14) 28... Qb7 29. Qe4 Rcd8 30. a5 (30. Rd1 $11) 30... bxa5 $2 (30... Qxd5 $15 {keeps the upper hand.} 31. axb6 Bxe5) 31. Rxc5 Rc8 {[%cal Bd8c8,Bc8c3,Bc3b3][%mdl 32]} 32. Rxa5 h6 (32... Ra8 $142 33. Rc5 Rfd8) 33. Nf3 $18 Rfd8 34. e6 $2 (34. Nd4 $18 {and White stays clearly on top.}) 34... f5 $16 {[#]} 35. Qd3 ({White must play} 35. Qe3 $1 $16) 35... Rc3 $11 36. Qb5 Qxb5 37. Rxb5 Rxb3 38. Ne5 (38. Rd1 $11) 38... Bxe5 $1 $15 39. Rxe5 {[%mdl 4096] Endgame KRR-KRR} Kg7 40. Re2 Kf6 41. Rc2 Rc3 42. Rxc3 bxc3 {KR-KR} 43. Rc5 {[#]} c2 $1 {[%mdl 512]} 44. Rxc2 Rxd5 45. h4 Kxe6 46. Rc8 Kf6 47. Rf8+ Kg7 48. Re8 Rd7 49. Ra8 g5 (49... e5 $17) 50. hxg5 $11 hxg5 51. Ra5 Kf6 52. Ra6+ (52. g4 $1 $11 {keeps the balance.}) 52... e6 53. Rb6 Rd3 54. Ra6 f4 ({Better is} 54... g4 $17 55. Kf1 Rd2) 55. gxf4 {The position is equal.} gxf4 56. f3 Rd2+ 57. Kf1 Rb2 58. Rb6 $2 {[%mdl 8192] Accuracy: White = 46%, Black = 40%.} (58. Ra5 $11) 0-1

[Event "Worldchess Armageddon 2019"]
[Site "Moscow"]
[Date "2019.06.15"]
[Round "12.2"]
[White "Nepomniachtchi, Ian"]
[Black "Kramnik, Vladimir"]
[Result "1/2-1/2"]
[WhiteElo "2775"]
[BlackElo "2753"]
[Annotator "TA"]
[PlyCount "62"]
[EventDate "2019.06.10"]
[EventCountry "RUS"]
[SourceTitle "playchess.com"]
[Source "ChessBase"]
[SourceQuality "1"]

{[%evp 9,62,15,16,-20,-31,-21,20,18,24,-12,-19,-14,-20,-10,0,-12,-20,-14,-19,-33,-37,-29,-29,-22,-10,-37,-40,-37,0,0,0,0,0,0,0,0,0,0,34,45,50,48,54,59,162,158,245,235,228,228,307,289,296,287,257]} 1. e4 g6 2. d4 Bg7 3. Nc3 d6 4. Be3 a6 5. h3 b5 6. f4 {B06: Modern Defence} (6. g4 Bb7 7. Bg2 Nd7 8. a4 b4 9. Nce2 a5 10. Ng3 Nb6 11. b3 Nf6 12. N1e2 Nfd7 13. Qd2 {½-½ (37) Dragun,K (2625)-Gordievsky,D (2613) Greensboro 2017}) 6... Bb7 7. Bd3 c5 $146 ({Predecessor:} 7... Nd7 8. g4 Ngf6 9. Qf3 Nb6 10. O-O-O b4 11. Nce2 a5 12. Ng3 a4 {0-1 (25) Koltai,A (1662)-Egyed,J (1731) Balatonlelle 2009}) 8. dxc5 {The position is equal.} dxc5 9. Bxc5 Qc7 10. Be3 Bxc3+ 11. bxc3 Nf6 12. Bd4 Nc6 13. Bxf6 exf6 14. Qd2 O-O 15. Nf3 Na5 16. O-O $1 Nc4 17. Bxc4 Qxc4 18. e5 Rac8 19. exf6 Qxc3 20. Qxc3 Rxc3 21. Ne5 Rxc2 22. Rf2 Rxf2 23. Kxf2 $11 {[%mdl 4096] Endgame KRB-KRN} Bd5 24. a3 Rc8 25. Rd1 Be6 $1 26. Rd6 Ra8 {[#]} ({Better is} 26... Rc2+ $14 27. Kg1 h6) 27. Rb6 $1 $18 Kf8 (27... h6 $16 28. Nxg6 fxg6 29. Rxe6 Kf7) 28. g4 Ke8 29. Rb7 Rc8 30. Re7+ Kf8 {[#]} 31. Ra7 $1 Ke8 {[%mdl 32768] Accuracy: White = 79%, Black = 36%. . An unexpected result.} 1/2-1/2

[Event "Worldchess Armageddon 2019"]
[Site "Moscow"]
[Date "2019.06.16"]
[Round "13.1"]
[White "Kramnik, Vladimir"]
[Black "Karjakin, Sergey"]
[Result "1/2-1/2"]
[WhiteElo "2753"]
[BlackElo "2748"]
[Annotator "TA"]
[PlyCount "119"]
[EventDate "2019.06.10"]
[EventCountry "RUS"]
[SourceTitle "playchess.com"]
[Source "ChessBase"]
[SourceQuality "1"]

{[%evp 21,119,14,14,0,0,0,6,11,0,0,12,0,0,0,48,42,48,31,71,35,43,46,60,31,36,33,36,36,36,31,36,0,41,37,44,23,36,27,49,49,58,42,68,75,72,74,87,76,92,43,46,41,56,0,0,0,272,266,431,310,375,209,380,385,363,351,562,501,417,359,483,471,473,0,815,0,283,269,269,164,168,147,129,8,9,0,145,0,14,8,141,8,210,204,213,16,16,0,0,0]} 1. e4 e5 2. Nf3 Nc6 3. Bc4 Bc5 4. c3 Nf6 5. d3 d6 6. O-O a6 7. Bb3 O-O 8. Re1 Ba7 9. h3 Re8 10. Nbd2 Be6 11. Nf1 h6 12. Be3 {C54: Giuoco Piano: 4 c3 Nf6, main lines with 5 d4 and 5 d3} Bxe3 13. Nxe3 Bxb3 14. Qxb3 Qd7 15. Rad1 (15. Nd5 Nxd5 16. Qxd5 Qe6 17. Qxe6 fxe6 18. b4 Kf7 19. a4 Ke7 20. Nd2 Kd7 21. f3 Rf8 {½-½ (21) Vocaturo,D (2630)-Laznicka,V (2668) Germany 2019}) 15... Ne7 {[%cal Bc6e7,Be7g6,Bg6f4][%mdl 32]} 16. d4 exd4 17. Nxd4 {[#]} Ng6 $146 ({Predecessor:} 17... c5) 18. f3 Rab8 19. Ndf5 Qb5 20. c4 Qe5 21. Qc2 Nf4 22. Qf2 h5 23. Kh1 g6 24. Nd4 c6 25. h4 Rbd8 26. g3 Ne6 (26... Nxe4 $5 27. fxe4 Nd3 {[%mdl 64] Decoy} 28. Rxd3 Qxe4+ {[%mdl 64] Double Attack} 29. Kh2 (29. Nf3 Qxd3 30. Ng5 Re7 $15) 29... Qxd3 $11) 27. Nxe6 Qxe6 28. Kg2 Nd7 29. b3 Ne5 30. Rd4 Qf6 {Threatens to win with ...Nxf3.} 31. Red1 Re6 32. f4 Ng4 33. Nxg4 hxg4 {[#]} 34. e5 $1 {[%mdl 512]} Qe7 (34... dxe5 35. Rxd8+) 35. Qd2 f6 $1 36. Qd3 $36 {[%mdl 2048] White has good play.} Kg7 $1 37. Rxd6 (37. Re1 $14) 37... Rexd6 $11 38. exd6 $14 {[%mdl 4096] Endgame KQR-KQR} Qe6 $2 {[%mdl 8192]} (38... Rxd6 $11 {and Black stays safe.} 39. Qxd6 Qe2+ 40. Kg1 Qe3+ {[%mdl 64] Double Attack} 41. Kg2 Qe2+ 42. Kh1 Qf3+ 43. Kg1 Qe3+ 44. Kh1 Qf3+ 45. Kg1 Qe3+) 39. d7 Kf7 $2 (39... b6 40. Kf1 f5) 40. Kf2 f5 41. Qd4 (41. c5 $142) 41... Qe7 $2 (41... b6 42. Qd3 c5) 42. c5 $18 Qe6 43. Rd2 Kg8 $2 (43... a5 {was necessary.} 44. Rd1 a4) 44. b4 Kf7 45. a4 Qe7 46. Qc4+ Kg7 47. Qd4+ $2 (47. Qd3 $18 {Strongly threatening h5.} Kh7 48. Qd6) 47... Kh6 $2 {[%mdl 8192]} (47... Kf7 $11 48. Rd1 Kg8) 48. Qe5 $2 (48. Qd6 $18 Qg7 49. Rd4) 48... Qf7 $2 {[%mdl 8192]} (48... Rxd7 $11 49. Rd6 Qxe5 50. fxe5 Re7) 49. Qd6 {And now h5! would win.} Qb3 50. Qd3 Qxb4 51. Qd4 Qb3 52. Rd3 (52. Kg2 $1 $16) 52... Qa2+ 53. Rd2 ({White should try} 53. Ke1 $11) 53... Qb3 $16 {[#]} 54. Rd3 (54. Kg2 $1 $16) 54... Qa2+ $11 55. Kg1 Qb1+ (55... a5 $11) 56. Kg2 (56. Rd1 $16 Qb3 57. Rd3 Qb1+ 58. Rd1) 56... Qa2+ $2 {[#]} (56... a5 $1 $11 {and Black has nothing to worry.}) 57. Rd2 $1 $18 {[%cal Rd2a2]} Qb3 58. Qf6 $2 (58. Kh2 $18) 58... Qe3 $11 59. Qxd8 {[%cal Rd8h8]} Qxd2+ 60. Kg1 {Accuracy: White = 42%, Black = 45%.} 1/2-1/2

[Event "Worldchess Armageddon 2019"]
[Site "Moscow"]
[Date "2019.06.16"]
[Round "13.2"]
[White "Karjakin, Sergey"]
[Black "Kramnik, Vladimir"]
[Result "1-0"]
[WhiteElo "2748"]
[BlackElo "2753"]
[Annotator "TA"]
[PlyCount "83"]
[EventDate "2019.06.10"]
[EventCountry "RUS"]
[SourceTitle "playchess.com"]
[Source "ChessBase"]
[SourceQuality "1"]

{[%evp 21,83,0,10,-11,-11,-6,0,0,-5,-5,0,-4,-2,-7,-7,-20,-2,-8,0,0,11,14,10,14,17,26,72,58,68,53,84,92,100,79,187,189,182,177,221,218,223,218,207,214,279,263,267,255,254,254,514,175,170,144,485,481,554,546,528,504,487,487,477,356]} 1. e4 e5 2. Nf3 Nc6 3. Nc3 Nf6 4. d4 exd4 5. Nxd4 Bb4 6. Nxc6 bxc6 7. Bd3 O-O 8. O-O d5 9. exd5 cxd5 10. Bg5 c6 11. Qf3 Rb8 12. Rad1 $146 {C47: Scotch Four Knights and Four Knights with 4 g3} ({Predecessor:} 12. Ne2 Bg4 13. Bxf6 Bxf3 14. Bxd8 Bxe2 15. Bxe2 Rfxd8 16. Rfd1 Be7 17. b3 Bf6 18. Rab1 Kf8 19. c4 dxc4 20. Bxc4 Rxd1+ 21. Rxd1 {½-½ (30) Michalik,P (2564)-Ragger,M (2701) Austria 2019}) 12... Bg4 13. Qxg4 $1 Nxg4 14. Bxd8 {The position is equal.} Rfxd8 15. Na4 Bd6 16. h3 Ne5 17. Rfe1 g6 18. Bf1 Re8 19. b3 Bb4 20. c3 Ba5 21. b4 Bc7 22. Nc5 {Threatens to win with Na6.} Bd6 23. Nb3 Bc7 24. a4 g5 25. a5 h6 26. Nd4 Bd6 27. Re3 c5 (27... f6 $16) 28. Nf5 $18 Bf8 29. Rxd5 f6 30. b5 Red8 {[#]} 31. Rxd8 $1 Rxd8 32. Re1 c4 33. b6 axb6 34. axb6 Bc5 35. b7 (35. Nxh6+ Kg7 $16) 35... Nd3 $2 (35... Rb8 {is a better defense.} 36. Rb1 (36. Nxh6+ Kg7 $14) 36... Kf7 37. Nxh6+ Ke6) 36. Bxd3 $2 (36. Ne7+ Kf8 37. Nc6 Nxe1 38. Nxd8) 36... cxd3 {[%mdl 4096] Endgame KRB-KRN} 37. Rd1 {And now Rxd3! would win.} Ba7 $2 {[%mdl 8192]} (37... Rb8 $16) 38. Ne7+ {White is clearly winning.} Kf7 39. Nc6 $1 {[%csl LRa7,LRd8][%mdl 64] [#] Double Attack} Rd7 40. Nxa7 Rxb7 41. Nc6 {aiming for Nd8+.} Rc7 42. Nb4 {Accuracy: White = 57%, Black = 24%.} 1-0

[Event "Worldchess Armageddon 2019"]
[Site "Moscow"]
[Date "2019.06.16"]
[Round "14.1"]
[White "Nepomniachtchi, Ian"]
[Black "Karjakin, Sergey"]
[Result "1/2-1/2"]
[WhiteElo "2775"]
[BlackElo "2748"]
[Annotator "TA"]
[PlyCount "98"]
[EventDate "2019.06.10"]
[EventCountry "RUS"]
[SourceTitle "playchess.com"]
[Source "ChessBase"]
[SourceQuality "1"]

{[%evp 17,98,0,0,0,0,0,0,0,12,16,16,0,0,0,15,-6,-11,-4,18,15,33,27,25,17,17,15,9,2,15,5,4,10,47,53,45,0,0,0,0,0,0,0,0,0,0,0,0,0,29,-17,0,0,0,0,0,0,0,0,0,0,0,0,0,0,0,0,0,0,0,0,0,0,0,0,0,0,0,0,0,0,0,0,0]} 1. e4 e5 2. Nf3 Nc6 3. Bc4 Bc5 4. c3 Nf6 5. d4 exd4 6. e5 d5 7. Bb5 Ne4 8. cxd4 Bb6 9. Nc3 O-O 10. Be3 {C54: Giuoco Piano: 4 c3 Nf6, main lines with 5 d4 and 5 d3} Bg4 11. h3 Bh5 12. Qc2 Bg6 13. Qb3 Ne7 14. O-O c6 {[#] White must now prevent ...Nxc3.} 15. Bd3 Nd2 16. Bxd2 (16. Nxd2 {feels hotter.} Bxd3 17. Rfe1 Bg6 18. Na4 Nf5 19. Qc3) 16... Bxd3 17. Rfe1 Bg6 {[#]} 18. Na4 $146 h6 19. Bb4 Re8 20. Nxb6 axb6 21. e6 f6 22. Nh4 Bh7 23. Qg3 Kh8 24. a3 g5 25. Qf3 Kg7 26. Bxe7 (26. Qh5 $5 {[%cal Rh5f7]} Rf8 27. Nf3 $11) 26... Rxe7 27. Nf5+ Bxf5 $1 28. Qxf5 Qe8 29. Re3 Qg6 30. g4 h5 31. f4 hxg4 32. hxg4 gxf4 33. Qxf4 Rae8 {The position is equal.} 34. Rae1 Qg5 35. Qf5 Qh4 36. Kf1 Rh8 37. Ke2 Qh2+ 38. Kd1 Qxb2 {...Rh2 is the strong threat.} 39. g5 Qxd4+ 40. Kc1 Qa1+ 41. Kc2 Rh2+ 42. R1e2 {gxf6+ would kill now.} Rxe2+ 43. Rxe2 $11 {[%mdl 4096] Endgame White threatens gxf6+ and mate. KQR-KQR} Qa2+ {[#]} 44. Kd1 $1 {[%mdl 512]} Qb3+ 45. Kd2 Qb2+ 46. Kd1 Qd4+ 47. Kc2 {aiming for gxf6+.} Qc4+ 48. Kd2 Qd4+ 49. Kc2 {Strongly threatening gxf6+.} Qc4+ {Accuracy: White = 86%, Black = 59%.} 1/2-1/2

[Event "Worldchess Armageddon 2019"]
[Site "Moscow"]
[Date "2019.06.16"]
[Round "14.2"]
[White "Karjakin, Sergey"]
[Black "Nepomniachtchi, Ian"]
[Result "1/2-1/2"]
[WhiteElo "2748"]
[BlackElo "2775"]
[Annotator "TA"]
[PlyCount "95"]
[EventDate "2019.06.10"]
[EventCountry "RUS"]
[SourceTitle "playchess.com"]
[Source "ChessBase"]
[SourceQuality "1"]

{[%evp 15,95,0,0,0,16,0,18,15,22,14,82,28,30,22,23,0,0,0,47,49,83,91,141,129,165,141,144,85,83,0,0,0,0,-14,0,0,0,0,11,6,14,14,13,14,14,7,7,0,40,40,40,40,72,52,107,88,102,1,1,1,1,1,1,0,0,0,1,1,8,8,8,8,8,8,8,1,1,1,8,11,18,18]} 1. e4 c5 2. Nf3 d6 3. Nc3 Nf6 4. d4 cxd4 5. Nxd4 a6 6. a4 e5 7. Nf3 Be7 8. Bc4 O-O 9. O-O {B90: Sicilian Najdorf: Unusual White 6th moves, 6 Be3 Ng4 and 6 Be3 e5} Be6 10. Qe2 Qc8 11. Ba2 Nc6 12. Bg5 $146 ({Predecessor:} 12. Rd1 Nb4 13. Bb3 Bxb3 14. cxb3 Qe6 15. Bg5 Rac8 16. Rd2 Rc5 {1-0 (101) Fedorov,A (2566)-Lashkin,J (2313) Kishinev 2019}) 12... Ng4 (12... Ne8 $11 {remains equal.}) 13. Bxe7 ({White should try} 13. Bxe6 $16 fxe6 14. Bxe7 Nxe7 15. Rad1) 13... Nxe7 $11 14. Rfd1 $36 {[%mdl 2048] Black is under pressure.} Bxa2 15. Rxa2 (15. Nxa2 {keeps more tension.} Qc6 16. Nb4 Qc5 17. c3 Nf6 18. a5) 15... Rd8 16. Nd2 Nf6 17. Nc4 Qc6 {[#]} 18. a5 $1 d5 {[#]} 19. Nb6 $1 {Ncxd5 is the strong threat.} ({Don't play} 19. Nxe5 $6 Qe6 $11) 19... Rab8 20. exd5 Nexd5 21. Nbxd5 (21. Ncxd5 $142 Nxd5 22. Qd3) 21... Nxd5 $16 22. Nxd5 (22. Qd3 $16 {[%cal Rc3d5]} Nf6 23. Qxd8+ Rxd8 24. Rxd8+ Ne8 25. Nd5) 22... Rxd5 $11 23. Rxd5 Qxd5 $18 {[%mdl 4096] Endgame KQR-KQR} 24. Ra1 Rd8 25. g3 f6 26. h4 g6 27. Ra3 Kg7 28. Rb3 Rd7 $1 29. Rd3 Qc6 30. Rxd7+ (30. b3 {with more complications.} Rxd3 31. Qxd3 Kf7 32. c4 Ke7 33. Qd2) 30... Qxd7 $11 {KQ-KQ} 31. Qc4 h5 32. b4 f5 33. Qc5 e4 34. c4 Qd1+ (34... Kg8 $14) 35. Kh2 Qe2 36. b5 (36. Qe5+ $16 Kf7 37. Qd5+ Kf6 38. Kg2) 36... axb5 {The position is equal.} 37. cxb5 e3 $1 38. Qe7+ Kg8 39. Qd8+ Kh7 40. Qc7+ Kh6 41. Qf4+ {[%mdl 64] Double Attack} Kh7 42. Qxe3 Qxb5 43. Qe7+ Kg8 44. Qc7 Qd5 45. Qb8+ Kf7 46. Qa7 {And now a6 would win.} Qc6 47. Qd4 Ke6 48. Qd2 {Accuracy: White = 62%, Black = 43%.} 1/2-1/2

[Event "Worldchess Armageddon 2019"]
[Site "Moscow"]
[Date "2019.06.16"]
[Round "14.3"]
[White "Nepomniachtchi, Ian"]
[Black "Karjakin, Sergey"]
[Result "0-1"]
[WhiteElo "2775"]
[BlackElo "2748"]
[Annotator "RC"]
[PlyCount "108"]
[EventDate "2019.06.10"]
[EventCountry "RUS"]
[SourceTitle "playchess.com"]
[Source "ChessBase"]
[SourceQuality "1"]
[TimeControl "180+2"]

1. e4 e5 2. Nf3 Nc6 3. Bc4 Bc5 4. c3 Nf6 5. d4 exd4 6. e5 d5 7. Bb5 Ne4 8. cxd4 Bb6 9. Nc3 O-O 10. Be3 Bg4 11. h3 Bh5 12. Qc2 Bg6 13. Qb3 Ne7 14. O-O c6 15. Bd3 Nd2 16. Nxd2 Bxd3 17. Rfe1 Ng6 18. Na4 Bf5 19. Rac1 h6 20. Nc5 Bxc5 21. Rxc5 Rb8 22. Nf1 Ne7 23. Qa3 b6 24. Rc3 Qd7 25. Rec1 Rfc8 26. Bf4 Be6 27. Ne3 c5 28. dxc5 d4 29. Rd3 Nc6 30. cxb6 axb6 31. b3 b5 32. Qb2 Qe7 33. Nf1 Bf5 34. Rdd1 Qe6 35. Ng3 Bg6 36. Rc5 d3 37. Rdc1 Nb4 38. Rxc8+ Rxc8 39. Rxc8+ Qxc8 40. a4 bxa4 41. bxa4 Qc4 42. Bd2 Nc6 43. a5 Qa4 44. Qc3 h5 45. Kh2 Kh7 46. Qc5 Nd4 47. Qd6 Nb3 48. Bc3 Nxa5 49. Qa6 Qf4 50. Qxa5 h4 51. Bd2 hxg3+ 52. fxg3 Qe4 53. Bc3 Qe2 54. e6 Be4 0-1

[Event "Worldchess Armageddon 2019"]
[Site "Moscow"]
[Date "2019.06.16"]
[Round "15.1"]
[White "Nepomniachtchi, Ian"]
[Black "Karjakin, Sergey"]
[Result "0-1"]
[WhiteElo "2775"]
[BlackElo "2748"]
[Annotator "TA"]
[PlyCount "50"]
[EventDate "2019.06.10"]
[EventCountry "RUS"]
[SourceTitle "playchess.com"]
[Source "ChessBase"]
[SourceQuality "1"]

{[%evp 17,52,0,0,0,0,0,21,0,0,0,0,0,0,0,10,11,8,8,10,-37,-22,-27,-34,-42,-42,-30,-29,-162,0,-76,-74,-532,-370,-529,-343,-814,-742]} 1. e4 e5 2. Nf3 Nc6 3. Bc4 Bc5 4. c3 Nf6 5. d4 exd4 6. e5 d5 7. Bb5 Ne4 8. cxd4 Bb6 9. Nc3 O-O 10. Be3 {C54: Giuoco Piano: 4 c3 Nf6, main lines with 5 d4 and 5 d3} Bg4 11. h3 Bh5 12. Qc2 {The position is equal.} Nxc3 13. bxc3 f6 14. exf6 Qxf6 15. Be2 {[#]} Bxf3 $146 (15... Rae8 {keeps more tension.} 16. O-O h6 17. Rac1 a6 18. Rfe1 Re6) ({Predecessor:} 15... Rae8 16. O-O Kh8 17. a4 Bg6 {1-0 (41) Jones,G (2682)-Jakovenko,D (2735) St Petersburg 2018}) 16. Bxf3 Ne7 {[%cal Bc6e7,Be7f5,Bf5h4,Bh4f3][%mdl 32]} 17. O-O c6 18. Qb3 Nf5 {...Bc7 is the strong threat.} 19. Bd2 Bc7 {[#] White must now prevent ...Qd6.} 20. Rae1 ({Don't blunder} 20. Qxb7 $2 Qd6 $19) 20... Qd6 {[%csl Gc7][%cal Rd6h2]} 21. Re5 Qg6 22. Re2 (22. Ree1 $11 {and White is okay.}) 22... h5 $2 (22... Nh4 $19 23. Bxd5+ cxd5 24. Qxd5+ Kh8) 23. Qxb7 (23. Qb1 $11) 23... Nh4 $40 {[%mdl 128] Black has strong attack.} 24. Qxc7 $4 {[%mdl 8192]} (24. Bxd5+ $17 cxd5 25. Qxd5+ Kh7 26. Qg5) 24... Nxf3+ $19 25. Kh1 Rf7 {Played: Qg6-d3} 0-1